| 000 | 00527 a2200181 4500 | ||
|---|---|---|---|
| 999 |
_c5005 _d5005 |
||
| 010 | _aENG-86614 | ||
| 020 |
_a8173715808 _c235.00 |
||
| 035 | _aEN-70147 | ||
| 037 | _bDBAD / PUB | ||
| 082 | 1 | 4 | _a516.33 |
| 100 | _aPirzada, S | ||
| 245 | 1 |
_aAnalytical solid geometry / _cby S. Pirzada [and] T.A. Chishti |
|
| 260 |
_aHyderabad _bUniversities Press _c2007 |
||
| 270 |
_a3-6-752, Himayatnagar _bHyderabad _cA.P. |
||
| 300 |
_a326p _c24cm (pbk) |
||
| 700 | _aChishti, T.A. | ||
| 942 |
_adpl _cEN _2ddc _h516.33 _mPIR |
||